Communication in Business (Record no. 1341)

MARC details
005 - DATE AND TIME OF LATEST TRANSACTION
control field 20250411172149.0
020 ## - INTERNATIONAL STANDARD BOOK NUMBER
International Standard Book Number 0 582 42229 9
082 ## - DEWEY DECIMAL CLASSIFICATION NUMBER
Classification number 651.7 LIT
100 ## - MAIN ENTRY--PERSONAL NAME
Author name LITTLE, P .
245 ## - TITLE STATEMENT
Title Communication in Business
250 ## - EDITION STATEMENT
Edition statement 3rd Ed.
260 ## - PUBLICATION, DISTRIBUTION, ETC.
Place of publication, distribution, etc. London,
Name of publisher, distributor, etc. Longman,
Date of publication, distribution, etc. 1977.
300 ## - PHYSICAL DESCRIPTION
Extent xii, 345p.: ill.; figure, graph,
Other physical details index,
Dimensions 20cm.
942 ## - ADDED ENTRY ELEMENTS (KOHA)
Source of classification or shelving scheme Dewey Decimal Classification
Koha item type Books
Holdings
Date last seen Total checkouts Full call number Barcode Cost, replacement price Price effective from Koha item type Lost status Source of classification or shelving scheme Damaged status Not for loan Withdrawn status Home library Current library Shelving location Date acquired Cost, normal purchase price
04/11/2025   651.7 LIT 0000005097 30000.00 04/11/2025 Books   Dewey Decimal Classification       College of Business Education Main Library College of Business Education Main Library General Collection 04/11/2025 10000.00